| 000 | 00826nas a2200253 4500 | ||
|---|---|---|---|
| 001 | BR9704193 | ||
| 003 | BR-BrBNA | ||
| 005 | 20231205100522.0 | ||
| 007 | ta | ||
| 008 | 230509b bl.|||p| |||| 00| 00por d | ||
| 040 |
_aBR-BrBNA _bpor _cBiblioteca Nacional de Agricultura |
||
| 041 | _a(Pt) | ||
| 072 | _aL73 | ||
| 100 | 1 | _aRaiser, A.C. | |
| 100 | 1 | _aKozloski, G.V. | |
| 100 | 1 | _aPolydoro, A.S. | |
| 245 | 1 | _aCateterizacao das veias porta e ramo mesenterico para avaliar a absorcao do trato gastrintestinal em bovinos jovens | |
| 650 | _aBovino | ||
| 650 | _aDiagnostico | ||
| 650 | _aAparelho Digestivo | ||
| 773 | 0 |
_tArquivo Brasileiro de Medicina Veterinaria e Zootecnia (Brazil) _xISSN 0102-0935 _g(Dec 1996), v. 48(6) p. 695-702 _wBR9704193 |
|
| 909 |
_a202311 _bLúcia _c55 _dLúcia Elande |
||
| 942 |
_2AGRIS _n0 _cANA |
||
| 999 |
_c156446 _d156446 |
||